Statistics for Secular Holidays

Click here to take the quiz!

General Stats

  • This quiz has been taken 33 times
  • The average score is 7 of 11

Answer Stats

DateHintAnswer% Correct
January 1Start a new calendar.New Year's
97%
April 1Don't believe anything on ____ _____ DayApril Fool's
88%
September 19Peg legs and eye patches aren't required on International Talk Like a _____ Day.Pirate
79%
May 4May the 4th be with you on ____ ____ DayStar Wars
79%
November 5Remember, remember...this holiday: ___ Fawkes Night.Guy
73%
2nd Thursday of MarchWorld ______ Day, dedicated to an organ humans have two of, but could survive with just one.Kidney
73%
February 2Also the title of a Bill Murray movie.Groundhog Day
67%
December 10_____ Rights Day. Sorry plants and animals, this day is to celebrate our rights.Human
64%
March 8International ______ Day, dedicated to roughly 50% of the human population.Women's
61%
February 12_____ Day perhaps "evolved" thanks to its namesake.Darwin
33%
August 13International __________ Day, dedicated to the people who might be called "Southpaws".Lefthanders
27%

Score Distribution

Percentile by Number Answered

Percent of People with Each Score

Your Score History

You have not taken this quiz